000 00754nam a2200265Ia 4500
003 OSt
005 20220918164314.0
006 a|||||r|||| 00| 0
007 ta
008 220917b |||||||| |||| 00| 0 eng d
020 _a0521386004 (pbk)
024 _a21,095
037 _cTextual
040 _aARTS
_cARTS
_beng
041 _2eng
_aeng
082 _aY:1.52, N7
100 _aJones Peter ed
_918202
245 0 _aWorld of Rome
_b an introduction to Roman culture
260 _aCambridge
_bCUP
_c1997
300 _axvii,399p.
_ccm.
650 _aROME - CIVILIZATION; SOCIOLOGY
_918203
700 _a Sidwell Keith ed
_918204
942 _hY:1.52, N7
_cTEXL
_2CC
999 _c124135
_d124135